| 000 | 01833nam a22005055a 4500 | ||
|---|---|---|---|
| 001 | 21714 | ||
| 003 | VRT | ||
| 005 | 20260309101328.0 | ||
| 008 | 240314s2008 xo 000 0 slo | ||
| 015 | _aSNBA2008/09-04416 | ||
| 020 |
_a9788055116228 _q(viaz.) |
||
| 035 | _aAE0FCAFB-7DEC-44E4-84E5-ED37AE373F08 | ||
| 035 | _aurn:nbn:sk:snk-amjvj0 | ||
| 035 | _aurn:nbn:sk:snk-am007yxu | ||
| 039 | 9 |
_a202410031324 _bAUTHORITY _c202409120851 _dAUTHORITY _c202409120834 _dAUTHORITY _c202403140955 _dVLOAD |
|
| 040 |
_aSNK _bslo _cSNK _eAACR2 |
||
| 041 | 1 |
_aslo _hger |
|
| 044 |
_axo _cSK |
||
| 072 | 7 |
_a79 _xRekreácia. Voľný čas. Zábavy. Hry. Šport |
|
| 072 | 7 |
_a821-93 _xLiteratúra pre deti a mládež _2konspekt |
|
| 080 |
_a793.8 _22001 |
||
| 080 |
_a(0.053.2) _22001 |
||
| 100 | 1 |
_aSmetanig, Gert _4aut |
|
| 240 | 1 | 0 |
_aMein ganz Geheimes Zauberbuch _lSlovensky |
| 245 | 1 | 0 |
_aMoja tajná kúzelnícka kniha _ckúzelnícke triky nakreslila Alena Schulzová ; [P. Gert Smetanig ; z nemeckého originálu preložila Silvia Smidová] |
| 250 | _a1. vyd. | ||
| 260 |
_aBratislava _bIkar _c2008 |
||
| 300 |
_a107 s. _bfareb. ilustr. _c24 cm |
||
| 650 | 0 | 7 |
_akúzelníctvo _2SNKPH |
| 650 | 0 | 7 |
_akúzla _2SNKPH |
| 650 | 0 | 7 |
_azábavná mágia _2SNKPH |
| 650 | 0 | 7 |
_aConjuring _2SNKPHeng |
| 650 | 0 | 7 |
_aTricks _2SNKPHeng |
| 650 | 0 | 7 |
_aMagic tricks _2SNKPHenh |
| 655 | 7 |
_apublikácie pre deti _2SNKPH |
|
| 655 | 7 |
_aChildren's literature _2SNKPHeng |
|
| 700 | 1 |
_aSchulzová, Alena _4ill |
|
| 700 | 1 |
_aSmidová, Silvia, _d1947- _4trl |
|
| 942 |
_2ddc _cKLDE _n0 |
||
| 949 |
_6273K0449551 _asvkpoC 48618 _bsvkpo506047 |
||
| 949 |
_617A0586238 _asnkSB 76002 _bsnk2008/8546 _o829/08 _s6100:20140925 |
||
| 949 |
_617A0586239 _asnkSB 76002 D1 _bsnk2008/8547 _o829/08 |
||
| 949 |
_62889137863 _asavukPV 11424 _bsavuk2008/1635 |
||
| 980 | _a793.8 | ||
| 999 |
_c21714 _d21714 |
||